<?xml version="1.0" encoding="UTF-8"?>
<record
    xmlns:xsi="http://www.w3.org/2001/XMLSchema-instance"
    xsi:schemaLocation="http://www.loc.gov/MARC21/slim http://www.loc.gov/standards/marcxml/schema/MARC21slim.xsd"
    xmlns="http://www.loc.gov/MARC21/slim">

  <leader>00462cam a22001335i 4500</leader>
  <controlfield tag="005">20250728115052.0</controlfield>
  <datafield tag="020" ind1=" " ind2=" ">
    <subfield code="a">9789354425721</subfield>
  </datafield>
  <datafield tag="082" ind1=" " ind2=" ">
    <subfield code="a">363.700 954 SAT/E</subfield>
  </datafield>
  <datafield tag="245" ind1="0" ind2="0">
    <subfield code="a">Environmental politics at the local :</subfield>
    <subfield code="b">natural resource governance in India /</subfield>
    <subfield code="c">edited by Satyajit Singh, Ajit Menon.</subfield>
  </datafield>
  <datafield tag="260" ind1=" " ind2=" ">
    <subfield code="a">. - Hyderabad</subfield>
    <subfield code="b">: Orient Blacksman Pvt Ltd.</subfield>
    <subfield code="c">, 2024</subfield>
  </datafield>
  <datafield tag="300" ind1=" " ind2=" ">
    <subfield code="a">xii, 356 pages</subfield>
  </datafield>
  <datafield tag="700" ind1=" " ind2=" ">
    <subfield code="a"> Satyajit Singh, Ajit Menon. Editors</subfield>
    <subfield code="9">13</subfield>
  </datafield>
  <datafield tag="942" ind1=" " ind2=" ">
    <subfield code="2">ddc</subfield>
    <subfield code="c">BK</subfield>
  </datafield>
  <datafield tag="999" ind1=" " ind2=" ">
    <subfield code="c">750620</subfield>
    <subfield code="d">750620</subfield>
  </datafield>
  <datafield tag="952" ind1=" " ind2=" ">
    <subfield code="0">0</subfield>
    <subfield code="1">0</subfield>
    <subfield code="2">ddc</subfield>
    <subfield code="4">0</subfield>
    <subfield code="7">0</subfield>
    <subfield code="a">POL</subfield>
    <subfield code="b">POL</subfield>
    <subfield code="d">2025-02-06</subfield>
    <subfield code="l">1</subfield>
    <subfield code="o">363.700 954 SAT/E</subfield>
    <subfield code="p">POL23742</subfield>
    <subfield code="r">2026-04-06 11:27:03</subfield>
    <subfield code="s">2026-02-09</subfield>
    <subfield code="w">2025-07-28</subfield>
    <subfield code="y">BK</subfield>
  </datafield>
</record>
